000 00669nam a2200277Ia 4500
001 Z_4523
003 CHAP
008 220113s1972 xx 000 0 und d
010 _a167598
040 _cCHAP
090 _aFolleto 101
100 _aRidgeon, R F
_997351
245 _aResults of pig management scheme 1972 /
_cby R. F. Ridgeon
260 _aCambridge :
_bUniverssity of Cambridge,
_c1972
300 _a38 p.
440 _a
500 _a
503 _a
650 _aGanado porcino
_xAspectos económicos I. t.
_9137269
901 _aFolleto 101
902 _aA
910 _a1972
942 _cc14
942 _cc14
999 _c167598
_d167598